Normal view
MARC view
- Yuste López, Carmen
Entry Nombre Personal
001 - NUMERO DE CONTROL
- campo de control: 46013
003 - IDENTIFICADOR DE NUMERO DE CONTROL
- campo de control: DLC
005 - FECHA Y HORA DE LA ÜLTIMA TRANSACCIÓN
- campo de control: 20220901111133.0
008 - DATOS DE LONGITUD FIJA
- campo de control de longitud fija: 220901n| acannaabn |a aaa
010 ## - NÚMERO DE CONTROL DE LA BIBLIOTECA DEL CONGRESO
- Número de control LC: n 85181337
035 ## - NUMERO DE CONTROL
- Número de control: (OCoLC)oca01399551
040 ## - FUENTE DE CATALOGACIÓN
- Agencia original de catalogación: DLC
- Lenguaje de catalogación: spa
- Agencia de transcripción: DLC
- Agencia que lo modifica: DLC
- Agencia que lo modifica: OCoLC
- Agencia que lo modifica: MX-MxUPN
100 1# - ENCABEZAMIENTO - NOMBRE PERSONAL
- Nombre personal: Yuste López, Carmen
400 1# - VEÁSE - NOMBRE DE PERSONA
- Personal name: López, Carmen Yuste
400 1# - VEÁSE - NOMBRE DE PERSONA
- Personal name: Yuste, Carmen
670 ## - FUENTE EN LA QUE SE LOCALIZARON DATOS
- Cita de la fuente: En su obra El comercio de la Nueva España con Filipinas, 1590-1785, 1984:
- Información localizada: portada (Carmen Yuste López)
670 ## - FUENTE EN LA QUE SE LOCALIZARON DATOS
- Cita de la fuente: Extracto historial del comercio entre China, Filipinas y Nueva España, 1977:
- Información localizada: portada (Carmen Yuste)
902 ## - CATALOGADOR
- Catalogador: VAGG/010922
